[Event "DEM U12/U12w 2013"]
[Site "Oberhof GER"]
[Date "2013.05.23"]
[Round "8"]
[White "Mönster, Madita"]
[Black "Wong, Gengchun"]
[Result "1-0"]
[Termination "normal"]
[Board "12"]
[WhiteElo "1503"]
[BlackElo "1654"]
[PlyCount "161"]
[WhiteFideId "12947156"]
[BlackFideId "12963283"]
[EventCountry "GER"]
[EventRounds "11"]
[EventType "swiss"]
[EventDate "2013.05.18"]

1. e4 d5 2. exd5 Qxd5 3. Nc3 Qa5 4. d4 Nf6 5. Bd2 Qb6 6. Nge2 c6 7. b3 Bf5 8.
Na4 Qc7 9. Nc5 e6 10. Ng3 Bg6 11. Nd3 Bd6 12. Be2 Nbd7 13. O-O O-O-O 14. c4 h5
15. c5 Bxg3 16. fxg3 Nd5 17. Nf4 N7f6 18. Nxg6 fxg6 19. Bd3 Ne7 20. Qe2 Qd7 21.
Bc3 Nf5 22. Bxf5 gxf5 23. Rfe1 Ne4 24. Qe3 h4 25. gxh4 Rxh4 26. g3 Rhh8 27. b4
Nxc3 28. Qxc3 Qxd4+ 29. Qxd4 Rxd4 30. Rxe6 Rxb4 31. Re7 Rc4 32. Re5 g6 33. Rd1
Kc7 34. Re7+ Kc8 35. Rdd7 Rxc5 36. Rc7+ Kd8 37. Red7+ Ke8 38. Rg7 Kf8 39. Rcf7+
Ke8 40. Rxb7 Rc1+ 41. Kg2 Rc2+ 42. Kf3 Rd2 43. Rb8+ Rd8 44. Rxd8+ Kxd8 45. h4
Re8 46. Rxg6 Kc7 47. h5 c5 48. Rf6 Re5 49. h6 c4 50. h7 Re8 51. Rxf5 Kd6 52.
Rh5 Rh8 53. Ke3 Ke6 54. Kd4 Kf6 55. Kxc4 Kg6 56. Rh4 Rxh7 57. Rxh7 Kxh7 58. Kc5
Kg6 59. a4 Kg5 60. a5 Kg4 61. a6 Kxg3 62. Kc6 Kf4 63. Kb7 Ke5 64. Kxa7 Kd6 65.
Kb7 Kd7 66. a7 Kd6 67. a8=Q Ke6 68. Qa5 Kd6 69. Qb5 Ke6 70. Qc5 Kf6 71. Qd5 Ke7
72. Qc6 Kf7 73. Qd6 Kg7 74. Qe6 Kh7 75. Qf6 Kg8 76. Kc7 Kh7 77. Kd7 Kg8 78. Ke7
Kh7 79. Qg5 Kh8 80. Kf7 Kh7 81. Qg7# 1-0

[Event "DEM U12/U12w 2013"]
[Site "Oberhof GER"]
[Date "2013.05.23"]
[Round "8"]
[White "Simon, Tim"]
[Black "Weber, Samuel"]
[Result "1-0"]
[Termination "normal"]
[Board "13"]
[WhiteElo "1640"]
[BlackElo "1703"]
[PlyCount "63"]
[WhiteFideId "12971740"]
[BlackFideId "12924008"]
[EventCountry "GER"]
[EventRounds "11"]
[EventType "swiss"]
[EventDate "2013.05.18"]

1. e4 c5 2. c3 d5 3. exd5 Qxd5 4. d4 Nf6 5. Nf3 e6 6. Be2 Be7 7. Be3 cxd4 8.
cxd4 O-O 9. Nc3 Qa5 10. O-O Nc6 11. Qb3 Nd5 12. Nxd5 exd5 13. Rac1 a6 14. a3
Be6 15. Qxb7 Rab8 16. Qxc6 Rxb2 17. Qxa6 Ra8 18. Qxa5 Rxa5 19. Nd2 Rxa3 20. Rb1
Rxe3 21. fxe3 Rxd2 22. Rf2 Rc2 23. Rb8+ Bf8 24. Bf1 Rxf2 25. Kxf2 g5 26. Bd3 f5
27. Rb7 Bg7 28. Bb5 f4 29. Bc6 fxe3+ 30. Kxe3 Bh6 31. Rb5 g4+ 32. Ke2 1-0

[Event "DEM U12/U12w 2013"]
[Site "Oberhof GER"]
[Date "2013.05.23"]
[Round "8"]
[White "Köhler, Inken"]
[Black "Laubrock, Paul"]
[Result "1-0"]
[Termination "normal"]
[Board "14"]
[WhiteElo "1527"]
[BlackElo "1671"]
[PlyCount "69"]
[WhiteFideId "12929301"]
[BlackFideId "1270509"]
[EventCountry "GER"]
[EventRounds "11"]
[EventType "swiss"]
[EventDate "2013.05.18"]

1. e4 c5 2. d4 cxd4 3. c3 dxc3 4. Nxc3 e6 5. Nf3 a6 6. Bc4 b5 7. Bb3 Bb7 8. Qe2
d6 9. O-O Nd7 10. a3 Ngf6 11. Rd1 Be7 12. Bf4 Nc5 13. Bc2 Qb8 14. b4 Ncd7 15.
h3 O-O 16. Qd3 Qc8 17. Rac1 Nb6 18. Bxd6 Bxd6 19. Qxd6 Nc4 20. Qg3 Nxa3 21. e5
Nxc2 22. exf6 g6 23. Rxc2 Rd8 24. Rxd8+ Qxd8 25. Qf4 Rc8 26. Nd2 h6 27. Nb3 Kh7
28. Nc5 Ba8 29. Rd2 Qe8 30. Qd6 Bc6 31. Qe7 Qg8 32. N3e4 Bd5 33. Nd6 Rf8 34.
Nd7 Rd8 35. Ne5 1-0

[Event "DEM U12/U12w 2013"]
[Site "Oberhof GER"]
[Date "2013.05.23"]
[Round "8"]
[White "Mantel, Ruben"]
[Black "Meyling, Lennart"]
[Result "1-0"]
[Termination "normal"]
[Board "15"]
[WhiteElo "1667"]
[BlackElo "1628"]
[PlyCount "67"]
[WhiteFideId "12930121"]
[BlackFideId "12947130"]
[EventCountry "GER"]
[EventRounds "11"]
[EventType "swiss"]
[EventDate "2013.05.18"]

1. f4 d5 2. Nf3 Nf6 3. e3 g6 4. d4 Bg7 5. c3 O-O 6. Be2 Bf5 7. O-O Nbd7 8. Qe1
Nb6 9. Ne5 Ne4 10. Nd2 f6 11. Nd3 Re8 12. g4 Nxd2 13. Bxd2 Bd7 14. Nc5 Bc6 15.
f5 Qd6 16. Bd3 g5 17. Qe2 Na4 18. Nxa4 Bxa4 19. Be1 e5 20. Bg3 Qb6 21. b3 Bd7
22. dxe5 fxe5 23. f6 Bxf6 24. Bf5 Bc6 25. Bxh7+ Kxh7 26. Rxf6 Rf8 27. Raf1 Rxf6
28. Rxf6 Qc5 29. Qf2 Kg7 30. Bxe5 d4 31. Rf8+ Qxe5 32. Qf7+ Kh6 33. Qh5+ Kg7
34. Rf7+ 1-0

[Event "DEM U12/U12w 2013"]
[Site "Oberhof GER"]
[Date "2013.05.23"]
[Round "8"]
[White "Hoffmann, Fabian"]
[Black "Biastoch, Bennet"]
[Result "1/2-1/2"]
[Termination "normal"]
[Board "16"]
[WhiteElo "1650"]
[BlackElo "1676"]
[PlyCount "67"]
[WhiteFideId "12964891"]
[BlackFideId "12939889"]
[EventCountry "GER"]
[EventRounds "11"]
[EventType "swiss"]
[EventDate "2013.05.18"]

1. e4 c5 2. Nf3 d6 3. d4 cxd4 4. Nxd4 Nf6 5. Nc3 a6 6. f3 e5 7. Nb3 Be6 8. Be3
Be7 9. Qd2 O-O 10. O-O-O Nbd7 11. g4 b5 12. g5 b4 13. Ne2 Ne8 14. Ng3 a5 15.
Kb1 a4 16. Nc1 b3 17. axb3 axb3 18. Nxb3 Qb8 19. Nf5 Bd8 20. Nxd6 Nxd6 21. Qxd6
Bc7 22. Qd3 Qb4 23. Qb5 Qe7 24. Bc5 Nxc5 25. Qxc5 Qe8 26. Bc4 Bb6 27. Qxb6 Bxc4
28. Qb4 Qc8 29. Rd6 Qc7 30. Qc5 Qb8 31. Qb6 Qe8 32. Qc6 Qb8 33. Qb6 Qe8 34. Qc6
1/2-1/2

[Event "DEM U12/U12w 2013"]
[Site "Oberhof GER"]
[Date "2013.05.23"]
[Round "8"]
[White "Schulze, Lara"]
[Black "Ott, Josef Sebastian"]
[Result "1-0"]
[Termination "normal"]
[Board "17"]
[WhiteElo "1839"]
[BlackElo "1600"]
[PlyCount "139"]
[WhiteFideId "12956830"]
[BlackFideId "12952079"]
[EventCountry "GER"]
[EventRounds "11"]
[EventType "swiss"]
[EventDate "2013.05.18"]

1. d4 d5 2. c4 e6 3. Nc3 Be7 4. Nf3 Nf6 5. Bf4 O-O 6. e3 b6 7. cxd5 Nxd5 8.
Nxd5 exd5 9. a3 c5 10. dxc5 bxc5 11. Be2 Be6 12. O-O Nd7 13. Qc2 Nf6 14. Rfd1
Bd6 15. Bxd6 Qxd6 16. Rac1 Rfc8 17. Bd3 Qb6 18. Ng5 h6 19. Nxe6 fxe6 20. Rd2
Rab8 21. Qd1 Qa5 22. Rdc2 e5 23. Bf5 Rc7 24. Qf3 Kh8 25. e4 d4 26. b4 Qb5 27.
Be6 Rb6 28. Ba2 Rbc6 29. Bc4 Qa4 30. Bd5 Ra6 31. bxc5 Qxa3 32. Qxa3 Rxa3 33. f3
Ra5 34. Be6 Ra6 35. Bc4 Ra4 36. Be6 Nd7 37. Bxd7 Rxd7 38. Kf2 Rc7 39. g3 g5 40.
c6 Kg7 41. Rb1 Ra6 42. Rb7 Rxb7 43. cxb7 Rb6 44. Rc7+ Kf6 45. Rc6+ Rxc6 46.
b8=Q Ke6 47. Qxa7 Rc2+ 48. Kg1 Rc1+ 49. Kg2 Rc2+ 50. Kh3 Kd6 51. Qb6+ Rc6 52.
Qd8+ Kc5 53. Qd5+ Kb6 54. Qxe5 Rc4 55. Qd6+ Kb5 56. Qxh6 Rc5 57. Qd6 Kc4 58.
Qa6+ Rb5 59. Qa2+ Rb3 60. e5 d3 61. Qd2 Rc3 62. e6 Rc2 63. Qd1 Re2 64. Qa4+ Kc3
65. Qc6+ Kd2 66. Qd7 Kc2 67. e7 d2 68. e8=Q Rxe8 69. Qxe8 Kc1 70. Qd8 1-0

[Event "DEM U12/U12w 2013"]
[Site "Oberhof GER"]
[Date "2013.05.23"]
[Round "8"]
[White "Perekhozhuk, Maksym"]
[Black "Petersen, Marcel"]
[Result "1-0"]
[Termination "normal"]
[Board "19"]
[WhiteElo "1749"]
[BlackElo "1582"]
[PlyCount "143"]
[WhiteFideId "12914860"]
[BlackFideId "12935670"]
[EventCountry "GER"]
[EventRounds "11"]
[EventType "swiss"]
[EventDate "2013.05.18"]

1. e4 e5 2. Nf3 Nc6 3. Bc4 Bc5 4. c3 Nf6 5. d3 d6 6. O-O O-O 7. Nbd2 Be6 8. Bb3
d5 9. exd5 Bxd5 10. h3 Re8 11. Re1 Qd6 12. Bc2 Rad8 13. Nf1 a6 14. Be3 e4 15.
Bxc5 Qxc5 16. d4 Qb6 17. N3d2 Qxb2 18. Re3 Bxa2 19. Bxe4 Nxe4 20. Nxe4 Bb3 21.
Qe1 Bc2 22. Nf6+ gxf6 23. Rxe8+ Rxe8 24. Qxe8+ Kg7 25. Qe1 Bb3 26. Rb1 Qa3 27.
Nd2 Ba4 28. Qe3 b5 29. Qg3+ Kf8 30. Qxc7 Bc2 31. Re1 Qxc3 32. Nf3 b4 33. d5 Ne5
34. Qxc3 bxc3 35. Nxe5 fxe5 36. Re3 Bb3 37. Rxc3 Bxd5 38. Rc5 Be6 39. Rxe5 Ke7
40. Kf1 Kd6 41. Ra5 Kc7 42. Ke1 Kb6 43. Ra1 a5 44. Kd2 Kb5 45. Kc3 h5 46. h4
Bf5 47. Ra3 Be4 48. f3 Bf5 49. Kb2 Be6 50. Re3 Kc4 51. Re5 a4 52. Ka3 Kd4 53.
Rxh5 Bb3 54. Rh7 Ke5 55. Rg7 Kf6 56. Rg4 Kf5 57. h5 Kf6 58. h6 Bc2 59. Rh4 Bh7
60. Kxa4 Kg5 61. g3 f5 62. f4+ Kf6 63. Kb4 Kg6 64. Kc5 Kf6 65. Kd6 Kg6 66. Ke7
Bg8 67. Kf8 Bh7 68. Rh1 Kf6 69. Ra1 Kg6 70. Ra6+ Kh5 71. Kg7 Bg6 72. Rb6 1-0

[Event "DEM U12/U12w 2013"]
[Site "Oberhof GER"]
[Date "2013.05.23"]
[Round "8"]
[White "Shoipov, Dennie"]
[Black "Kölz, Niklas"]
[Result "0-1"]
[Termination "normal"]
[Board "20"]
[WhiteElo "1816"]
[BlackElo "1629"]
[PlyCount "70"]
[WhiteFideId "14137755"]
[BlackFideId "12971758"]
[EventCountry "GER"]
[EventRounds "11"]
[EventType "swiss"]
[EventDate "2013.05.18"]

1. e4 c5 2. Nf3 e6 3. d4 cxd4 4. Nxd4 a6 5. c4 Nf6 6. Bg5 Be7 7. Nc3 d6 8. Be3
Nbd7 9. Be2 Qc7 10. O-O Ne5 11. Rc1 Bd7 12. b3 O-O 13. f4 Nc6 14. Qe1 Nxd4 15.
Bxd4 e5 16. Be3 Bc6 17. Bf3 Nd7 18. f5 Nc5 19. Qg3 Bf6 20. Rfd1 Rad8 21. b4 Na4
22. b5 Nxc3 23. b6 Qe7 24. Rxc3 Ba4 25. Rdc1 Bc6 26. Qh3 Bg5 27. Bxg5 Qxg5 28.
a3 Rc8 29. g3 Qd2 30. Qg4 Bd7 31. R1c2 Qd4+ 32. Kg2 Qxb6 33. Qh5 Qd8 34. g4 f6
35. h4 Be8 0-1

[Event "DEM U12/U12w 2013"]
[Site "Oberhof GER"]
[Date "2013.05.23"]
[Round "8"]
[White "Wiesner, Alexander"]
[Black "Riedel, Erich"]
[Result "1-0"]
[Termination "normal"]
[Board "21"]
[WhiteElo "1658"]
[BlackElo "1767"]
[PlyCount "79"]
[WhiteFideId "12943991"]
[BlackFideId "12958646"]
[EventCountry "GER"]
[EventRounds "11"]
[EventType "swiss"]
[EventDate "2013.05.18"]

1. e4 e6 2. d4 d5 3. Nd2 Nf6 4. e5 Nfd7 5. Bd3 c5 6. c3 Nc6 7. Ne2 cxd4 8. cxd4
f6 9. Nf4 Nxd4 10. Qh5+ Ke7 11. exf6+ Nxf6 12. Ng6+ hxg6 13. Qxh8 Kf7 14. Qh4
e5 15. Nf3 Nxf3+ 16. gxf3 Bf5 17. Bxf5 gxf5 18. Bg5 Bc5 19. Bxf6 Qxf6 20. Qa4
Qe7 21. Qb3 Rd8 22. Rd1 Qd7 23. Kf1 a6 24. Kg2 Qb5 25. Qc2 g6 26. h4 Bd4 27. b3
Qc5 28. Qd2 f4 29. Rc1 Qb6 30. Qc2 Rd7 31. Kf1 Qf6 32. h5 gxh5 33. Rxh5 Ke6 34.
Qc8 Qd8 35. Rh6+ Ke7 36. Qc2 Qf8 37. Rh7+ Kf6 38. Rxd7 Qg8 39. Qc7 Qe6 40. Rd6
1-0

[Event "DEM U12/U12w 2013"]
[Site "Oberhof GER"]
[Date "2013.05.23"]
[Round "8"]
[White "Reimann, Sebastian"]
[Black "Liebeck, Eddie"]
[Result "1-0"]
[Termination "normal"]
[Board "23"]
[WhiteElo "1629"]
[BlackElo "1726"]
[PlyCount "55"]
[WhiteFideId "12928054"]
[BlackFideId "12945854"]
[EventCountry "GER"]
[EventRounds "11"]
[EventType "swiss"]
[EventDate "2013.05.18"]

1. e4 e5 2. Nf3 Nc6 3. Bb5 a6 4. Ba4 Nf6 5. d3 Bb4+ 6. c3 Ba5 7. O-O h6 8. Bxc6
dxc6 9. Nxe5 Qd6 10. Nc4 Qc5 11. Be3 Qb5 12. a4 Qh5 13. Qxh5 Nxh5 14. Nxa5 Nf6
15. Nc4 h5 16. h3 Be6 17. Ncd2 Nd7 18. d4 f6 19. Na3 g5 20. Rfe1 Kf7 21. f3
Rag8 22. Kf2 g4 23. hxg4 hxg4 24. Rh1 g3+ 25. Ke2 Rh2 26. Rxh2 gxh2 27. Kf2 Rh8
28. Rh1 1-0

[Event "DEM U12/U12w 2013"]
[Site "Oberhof GER"]
[Date "2013.05.23"]
[Round "8"]
[White "Ewert, Hannes"]
[Black "Weller, Uli"]
[Result "0-1"]
[Termination "normal"]
[Board "24"]
[WhiteElo "1678"]
[BlackElo "1501"]
[PlyCount "124"]
[WhiteFideId "12961574"]
[BlackFideId "12971782"]
[EventCountry "GER"]
[EventRounds "11"]
[EventType "swiss"]
[EventDate "2013.05.18"]

1. e4 e6 2. d4 d5 3. Nd2 c5 4. c3 Nc6 5. Ngf3 Nf6 6. e5 Nd7 7. Nb3 a6 8. Be2
Be7 9. O-O O-O 10. h3 cxd4 11. cxd4 f6 12. exf6 Bxf6 13. Be3 Qe7 14. Rc1 Rd8
15. Re1 e5 16. dxe5 Ndxe5 17. Bc5 Qf7 18. Bb6 Rf8 19. Bc5 Rd8 20. Nbd4 Nxd4 21.
Nxe5 Bxe5 22. Bxd4 Bxd4 23. Qxd4 Bd7 24. Bf3 Bc6 25. Rc5 Rd7 26. Rd1 Rad8 27.
a4 Rd6 28. Re1 Qf6 29. Qxf6 Rxf6 30. b3 d4 31. Bxc6 Rxc6 32. b4 Rxc5 33. bxc5
Kf7 34. Kf1 d3 35. Rd1 d2 36. Ke2 Ke6 37. Ke3 Rd5 38. f4 Kd7 39. Ke4 Kc6 40. f5
Kxc5 41. g4 b5 42. axb5 axb5 43. g5 g6 44. f6 Rxg5 45. Rxd2 Rf5 46. Rd7 h6 47.
Rc7+ Kb4 48. f7 Kb3 49. Kd3 b4 50. Rb7 Ka3 51. Kc2 Rf2+ 52. Kd3 g5 53. Rb6 h5
54. Rg6 Rxf7 55. Rxg5 Rf3+ 56. Kc4 Rc3+ 57. Kb5 Rxh3 58. Rg8 b3 59. Kc4 h4 60.
Rh8 Kb2 61. Kb4 Kb1 62. Rg8 b2 0-1

[Event "DEM U12/U12w 2013"]
[Site "Oberhof GER"]
[Date "2013.05.23"]
[Round "8"]
[White "Möller, Lisa-Marie"]
[Black "Müller, Elias"]
[Result "0-1"]
[Termination "normal"]
[Board "25"]
[WhiteElo "1492"]
[BlackElo "1674"]
[PlyCount "80"]
[WhiteFideId "12959367"]
[BlackFideId "12917133"]
[EventCountry "GER"]
[EventRounds "11"]
[EventType "swiss"]
[EventDate "2013.05.18"]

1. e4 c5 2. Nf3 a6 3. c4 d6 4. Nc3 Nc6 5. d4 cxd4 6. Nxd4 Qb6 7. Nb3 e6 8. Be3
Qc7 9. Be2 Nf6 10. Nd4 Be7 11. O-O Nxd4 12. Bxd4 Bd7 13. Qd2 O-O 14. Rfd1 Bc6
15. f3 Nd7 16. Rac1 f5 17. exf5 Rxf5 18. Be3 Ne5 19. b3 Qd7 20. Qd4 Qe8 21. Ne4
Qg6 22. Ng3 Rf7 23. Bd3 Nxd3 24. Qxd3 Qxd3 25. Rxd3 d5 26. cxd5 exd5 27. Bc5
Bg5 28. Re1 Bh4 29. Bd6 Rd8 30. Be5 Bb5 31. Rd4 Be7 32. Red1 Bc5 33. a4 Bc6 34.
b4 Bxd4+ 35. Bxd4 Bxa4 36. Re1 Re8 37. Rc1 Bc6 38. Kf2 Rf4 39. Be3 Rxb4 40. Bc5
Rc4 0-1

[Event "DEM U12/U12w 2013"]
[Site "Oberhof GER"]
[Date "2013.05.23"]
[Round "8"]
[White "Schirra, Maurice"]
[Black "Wübker, Paul-Luca"]
[Result "1-0"]
[Termination "normal"]
[Board "26"]
[WhiteElo "1656"]
[BlackElo "1479"]
[PlyCount "81"]
[WhiteFideId "12941115"]
[BlackFideId "12939528"]
[EventCountry "GER"]
[EventRounds "11"]
[EventType "swiss"]
[EventDate "2013.05.18"]

1. e4 e6 2. d3 d5 3. Nd2 Nf6 4. Ngf3 Bc5 5. g3 dxe4 6. dxe4 Ng4 7. Nb3 Qxd1+ 8.
Kxd1 Nxf2+ 9. Ke2 Nxe4 10. Nxc5 Nxc5 11. Bf4 Nba6 12. a3 Bd7 13. b4 Ne4 14. Ke3
Nf6 15. c4 Ng4+ 16. Ke2 Rc8 17. Bg2 O-O 18. h3 Nf6 19. Ne5 c6 20. Bg5 Nb8 21.
Rhd1 Rc7 22. Bf3 h6 23. Bf4 g5 24. Be3 a6 25. h4 g4 26. Bxg4 Nxg4 27. Nxg4 Kg7
28. Bxh6+ Kg6 29. Bxf8 f5 30. Ne5+ Kf6 31. Bd6 Rc8 32. Bxb8 Rxb8 33. Nxd7+ Kg6
34. Nxb8 Kh5 35. Rd6 b5 36. cxb5 axb5 37. Rxe6 c5 38. Kf3 cxb4 39. Rae1 bxa3
40. R1e5 a2 41. Rxf5# 1-0

[Event "DEM U12/U12w 2013"]
[Site "Oberhof GER"]
[Date "2013.05.23"]
[Round "8"]
[White "Reinecke, Katharina"]
[Black "Engel, Johann"]
[Result "0-1"]
[Termination "normal"]
[Board "27"]
[WhiteElo "1608"]
[BlackElo "1650"]
[PlyCount "104"]
[WhiteFideId "12929727"]
[BlackFideId "12920509"]
[EventCountry "GER"]
[EventRounds "11"]
[EventType "swiss"]
[EventDate "2013.05.18"]

1. e4 c6 2. d4 d5 3. Nc3 dxe4 4. Nxe4 Nf6 5. Nxf6+ exf6 6. Bc4 Bd6 7. Ne2 O-O
8. Bf4 Bg4 9. Bxd6 Qxd6 10. O-O Nd7 11. c3 Nb6 12. Bd3 Nd5 13. Qd2 Qd7 14. Rfe1
f5 15. Nf4 Qd6 16. Nxd5 Qxd5 17. Qf4 Rfe8 18. h3 Bh5 19. Qxf5 Bg6 20. Qxd5 cxd5
21. Bxg6 hxg6 22. Rxe8+ Rxe8 23. Kf1 Kf8 24. Re1 Rd8 25. Ke2 Rd6 26. Kd3 b5 27.
b3 Ra6 28. Re2 f6 29. c4 bxc4+ 30. bxc4 Ra3+ 31. Kd2 Rxa2+ 32. Kd1 Rxe2 33.
Kxe2 dxc4 34. Kd2 Ke7 35. Kc3 Kd6 36. Kxc4 a5 37. g4 g5 38. d5 a4 39. Kb4 Kxd5
40. Kxa4 Ke4 41. Kb5 Kf3 42. Kc4 Kxf2 43. Kd4 Kg3 44. Ke4 Kxh3 45. Kf3 g6 46.
Kf2 Kxg4 47. Kg1 Kg3 48. Kh1 f5 49. Kg1 f4 50. Kf1 f3 51. Kg1 f2+ 52. Kf1 g4
0-1

[Event "DEM U12/U12w 2013"]
[Site "Oberhof GER"]
[Date "2013.05.23"]
[Round "8"]
[White "Enache, Rares"]
[Black "Steffens, Oliver"]
[Result "1-0"]
[Termination "normal"]
[Board "28"]
[WhiteElo "1628"]
[BlackElo "1432"]
[PlyCount "41"]
[WhiteFideId "12976440"]
[BlackFideId "12947148"]
[EventCountry "GER"]
[EventRounds "11"]
[EventType "swiss"]
[EventDate "2013.05.18"]

1. e4 c5 2. Nf3 Nc6 3. d4 cxd4 4. Nxd4 Nf6 5. Nc3 e5 6. Ndb5 d6 7. Bg5 a6 8.
Na3 b5 9. Bxf6 gxf6 10. Nd5 Bg7 11. c4 b4 12. Nc2 a5 13. b3 O-O 14. Bd3 Re8 15.
O-O Ne7 16. Re1 Nxd5 17. cxd5 Bb7 18. Ne3 Rc8 19. Nf5 Kh8 20. Re3 Rg8 21. Rh3
1-0

[Event "DEM U12/U12w 2013"]
[Site "Oberhof GER"]
[Date "2013.05.23"]
[Round "8"]
[White "Arnhold, Steffi"]
[Black "Wolf, Pablo"]
[Result "1/2-1/2"]
[Termination "normal"]
[Board "29"]
[WhiteElo "1273"]
[BlackElo "1506"]
[PlyCount "106"]
[WhiteFideId "12931365"]
[BlackFideId "12943894"]
[EventCountry "GER"]
[EventRounds "11"]
[EventType "swiss"]
[EventDate "2013.05.18"]

1. e4 c5 2. Nf3 d6 3. d4 cxd4 4. Nxd4 Nf6 5. Nc3 a6 6. Be2 e5 7. Nb3 Be6 8. O-O
Be7 9. f4 O-O 10. f5 Bd7 11. Bc4 Qc7 12. Bd5 Nc6 13. Be3 Nb4 14. Rf2 Nbxd5 15.
Nxd5 Nxd5 16. Qxd5 Bc6 17. Qd3 Rfd8 18. c4 Rac8 19. Nd2 b5 20. b3 bxc4 21. bxc4
Rb8 22. Rff1 Rb7 23. Rab1 Rdb8 24. Rxb7 Rxb7 25. Rb1 Qb8 26. Nb3 Rb4 27. Rd1 f6
28. c5 Bxe4 29. Qxa6 Bc2 30. Rd2 Bxb3 31. axb3 Rxb3 32. cxd6 Bf8 33. d7 Rxe3
34. d8=Q Qb1+ 35. Qf1 Re1 36. Rd1 Rxf1+ 37. Rxf1 Qb3 38. Qd2 Qb6+ 39. Kh1 e4
40. Rd1 e3 41. Qd5+ Kh8 42. Qd8 Qc5 43. Re1 Qa3 44. Qe8 Kg8 45. Qxe3 Qxe3 46.
Rxe3 g6 47. g4 gxf5 48. gxf5 Kg7 49. Re6 Bc5 50. Kg2 Bd4 51. Kf3 Be5 52. h4 Kh6
53. Kg4 Ba1 1/2-1/2

[Event "DEM U12/U12w 2013"]
[Site "Oberhof GER"]
[Date "2013.05.23"]
[Round "8"]
[White "Cejda, Cecilia"]
[Black "Acikel, Mert"]
[Result "0-1"]
[Termination "normal"]
[Board "30"]
[WhiteElo "1335"]
[BlackElo "1727"]
[PlyCount "80"]
[WhiteFideId "12921122"]
[BlackFideId "12956465"]
[EventCountry "GER"]
[EventRounds "11"]
[EventType "swiss"]
[EventDate "2013.05.18"]

1. e4 e5 2. Nf3 Nc6 3. d4 exd4 4. Nxd4 Bc5 5. Nb3 Bb6 6. Nc3 Nf6 7. Bg5 h6 8.
Bh4 g5 9. Bg3 d6 10. Qe2 Qe7 11. O-O-O Bd7 12. Kb1 O-O-O 13. f3 Ne5 14. h3 Ng6
15. Bf2 Bxf2 16. Qxf2 Qe5 17. Qxa7 c5 18. Na5 Rde8 19. Qxb7+ Kd8 20. Qb8+ Ke7
21. Qb7 Kf8 22. Nc4 Qe7 23. Nd5 Nxd5 24. Qxd5 Kg7 25. Qxd6 Qe6 26. Qxe6 Bxe6
27. Bd3 Ra8 28. a3 Rhb8 29. Kc1 Nf4 30. g4 Ra7 31. h4 Rab7 32. b3 Nxd3+ 33.
cxd3 Rxb3 34. hxg5 hxg5 35. Rh3 Bxc4 36. dxc4 Rb1+ 37. Kd2 Rd8+ 38. Ke3 Rbxd1
39. Kf2 R8d2+ 40. Kg3 Rg1# 0-1

[Event "DEM U12/U12w 2013"]
[Site "Oberhof GER"]
[Date "2013.05.23"]
[Round "8"]
[White "Rosenhain, Rachela"]
[Black "Wendler, David"]
[Result "1-0"]
[Termination "normal"]
[Board "31"]
[WhiteElo "1335"]
[BlackElo "1548"]
[PlyCount "131"]
[WhiteFideId "12957615"]
[BlackFideId "12938360"]
[EventCountry "GER"]
[EventRounds "11"]
[EventType "swiss"]
[EventDate "2013.05.18"]

1. e4 e5 2. Nf3 Nc6 3. Bc4 Nf6 4. d4 exd4 5. O-O Nxe4 6. Re1 d5 7. Bxd5 Qxd5 8.
Nc3 Qa5 9. Nxe4 Be6 10. Neg5 O-O-O 11. Nxe6 fxe6 12. Rxe6 Bd6 13. Bg5 Rde8 14.
Qe2 Kd7 15. Re1 Qxe1+ 16. Qxe1 Rxe6 17. Qd1 Rhe8 18. g3 h6 19. Bd2 g5 20. c3
dxc3 21. Bxc3 Kc8 22. Kg2 Rd8 23. Qb3 Rde8 24. Nd4 Nxd4 25. Bxd4 Be5 26. Be3
Kb8 27. Qa4 b6 28. b3 Rd8 29. Qg4 Red6 30. Qh5 Re6 31. h4 gxh4 32. Qxh4 Rdd6
33. Qa4 c5 34. Qc4 Kb7 35. a4 Bd4 36. Bf4 Be5 37. Qe4+ Ka6 38. Bxe5 Rc6 39.
Qc4+ Kb7 40. Bf4 Rg6 41. Kh3 Rgf6 42. Qe4 Rfe6 43. Qd5 Re7 44. Kh4 Rg7 45. g4
Rh7 46. Qe4 Rf7 47. f3 Rg7 48. Bxh6 Rgg6 49. g5 Rge6 50. Qf5 Ka6 51. Kh5 Re1
52. Qh3 Rb1 53. g6 Rg1 54. g7 Rgg6 55. Qf1+ Kb7 56. Qc1 Rce6 57. Qf4 Rxh6+ 58.
Qxh6 Rxh6+ 59. Kxh6 Ka6 60. g8=Q b5 61. axb5+ Kxb5 62. Qc4+ Kb6 63. f4 a5 64.
f5 a4 65. bxa4 Ka5 66. Qb5# 1-0

[Event "DEM U12/U12w 2013"]
[Site "Oberhof GER"]
[Date "2013.05.23"]
[Round "8"]
[White "Heldt, Nils-Lennart"]
[Black "Riegel, Arinna"]
[Result "1-0"]
[Termination "normal"]
[Board "32"]
[WhiteElo "1499"]
[BlackElo "1306"]
[PlyCount "137"]
[WhiteFideId "12952109"]
[BlackFideId "12931446"]
[EventCountry "GER"]
[EventRounds "11"]
[EventType "swiss"]
[EventDate "2013.05.18"]

1. e4 c5 2. Nf3 a6 3. d4 cxd4 4. Nxd4 Nf6 5. Nc3 e5 6. Nf3 Bb4 7. Qd3 Qc7 8.
Bd2 d6 9. Be2 b5 10. a3 Ba5 11. b4 Bb6 12. O-O Bb7 13. Be3 O-O 14. Bxb6 Qxb6
15. Nh4 Nc6 16. Nf5 Rfd8 17. Qg3 g6 18. Qg5 Ne8 19. Nd5 Qa7 20. c4 bxc4 21.
Bxc4 Bc8 22. Nh6+ Kf8 23. Nf6 Kg7 24. Nxe8+ Rxe8 25. Nxf7 Qe7 26. Qh6+ Kf6 27.
Qg5+ Kg7 28. Qxe7 Rxe7 29. Nxd6 Bd7 30. Bd5 Rb8 31. Rac1 Rb6 32. Nc4 Rb8 33. f3
Nd4 34. Kf2 Kf6 35. Na5 Bb5 36. Rfe1 Ree8 37. Nb3 Nxb3 38. Bxb3 Red8 39. Red1
g5 40. g3 h6 41. Ke1 Ke7 42. Rc7+ Kf6 43. Rxd8 Rxd8 44. Bd5 Rd6 45. Kd2 Kg6 46.
Ke3 Kf6 47. Kf2 Kg6 48. Ke3 Kf6 49. f4 exf4+ 50. gxf4 Rd8 51. f5 Re8 52. Kd4 g4
53. Rf7+ Kg5 54. Rg7+ Kf4 55. f6 Rf8 56. f7 h5 57. Rg8 Rxf7 58. Bxf7 h4 59. e5
g3 60. hxg3+ hxg3 61. e6 Kf3 62. e7 Kf2 63. e8=Q Bxe8 64. Bxe8 g2 65. b5 axb5
66. Bxb5 g1=Q 67. Rxg1 Kxg1 68. a4 Kf2 69. a5 1-0

[Event "DEM U12/U12w 2013"]
[Site "Oberhof GER"]
[Date "2013.05.23"]
[Round "8"]
[White "Fesselier, Chelsea"]
[Black "von Jan, Lena"]
[Result "1-0"]
[Termination "normal"]
[Board "33"]
[WhiteElo "1416"]
[BlackElo "1285"]
[PlyCount "183"]
[WhiteFideId "26024624"]
[BlackFideId "12946060"]
[EventCountry "GER"]
[EventRounds "11"]
[EventType "swiss"]
[EventDate "2013.05.18"]

1. e4 e5 2. Nf3 Nc6 3. Bc4 Nf6 4. d3 Bc5 5. c3 d6 6. Bb3 O-O 7. Nbd2 Ne7 8. O-O
Ng6 9. h3 Be6 10. Bc2 Bb6 11. Re1 c6 12. Nf1 h6 13. Ng3 Bc7 14. Qe2 Re8 15. Be3
d5 16. Red1 Qe7 17. Qe1 Red8 18. Nf5 Qd7 19. Ng3 a6 20. d4 Qe7 21. dxe5 Nxe5
22. Nxe5 Bxe5 23. exd5 Rxd5 24. Rxd5 Bxd5 25. Bd4 Re8 26. Bxe5 Qxe5 27. Qxe5
Rxe5 28. Rd1 Bxa2 29. b3 Rd5 30. Ra1 Bxb3 31. Bxb3 Rb5 32. Bc2 Rc5 33. Rd1 g6
34. Ne4 Nxe4 35. Bxe4 Rxc3 36. Rd8+ Kg7 37. Rb8 b5 38. Rb6 a5 39. Bxc6 b4 40.
Bd5 Rd3 41. Be4 Rd4 42. Bc6 Rd6 43. Ra6 b3 44. Rxa5 b2 45. Be4 Rd1+ 46. Kh2
b1=Q 47. Bxb1 Rxb1 48. Ra6 Rb2 49. f3 g5 50. Kg3 h5 51. Ra4 Kg6 52. h4 f6 53.
hxg5 Kxg5 54. Ra5+ Kg6 55. Kh3 Rb4 56. g3 Rb3 57. f4 Rb4 58. Kh4 Rb1 59. Kh3
Rb3 60. Ra1 Kh6 61. Ra8 Kg7 62. Kh4 Rb5 63. Ra7+ Kg6 64. Ra1 Kh6 65. Re1 Kg7
66. Rf1 Kg6 67. Rf2 Rc5 68. Rd2 Kg7 69. Rd7+ Kg6 70. Rd8 Kg7 71. Rd6 Rb5 72.
Kh3 Rc5 73. Rd3 Rb5 74. Kg2 Rf5 75. Kf3 Rb5 76. Ke4 Kg6 77. Rd4 f5+ 78. Kf3
Rb3+ 79. Kg2 Rb2+ 80. Kh3 Rb6 81. Kh4 Rf6 82. Rd8 Kg7 83. Kxh5 Rh6+ 84. Kg5
Rg6+ 85. Kxf5 Rxg3 86. Rd7+ Kh8 87. Kf6 Rf3 88. f5 Rg3 89. Ke6 Re3+ 90. Kf7 Rh3
91. f6 Rh7+ 92. Ke8 1-0